The white company

में बचाया:
ग्रंथसूची विवरण
मुख्य लेखक: Doyle, Arthur Conan
स्वरूप: पुस्तक
भाषा:Undetermined
प्रकाशित: London John Murray 1944
विषय:
टैग : टैग जोड़ें
कोई टैग नहीं, इस रिकॉर्ड को टैग करने वाले पहले व्यक्ति बनें!
Thư viện lưu trữ: Trung tâm Học liệu Trường Đại học Cần Thơ
LEADER 00475nam a2200181Ia 4500
001 CTU_91315
008 210402s9999 xx 000 0 und d
082 |a 944.025 
082 |b D754 
100 |a Doyle, Arthur Conan 
245 4 |a The white company 
245 0 |c Arthur Conan Doyle 
260 |a London 
260 |b John Murray 
260 |c 1944 
650 |a Hundred years' war, 1339-1453 
904 |i Trúc 
980 |a Trung tâm Học liệu Trường Đại học Cần Thơ